[Event "WchT Amateur"]
[Site "Kaunas"]
[Date "2016.11.26"]
[Round "7.3"]
[White "Januskevicius, Mantas"]
[Black "Butkus, Bronius"]
[Result "1/2-1/2"]
[WhiteElo "1276"]
[BlackElo "1611"]
[PlyCount "67"]
[EventDate "2016.11.20"]
[EventType "team-swiss"]
[EventRounds "9"]
[EventCountry "LTU"]
[SourceTitle "CBM 175 Extra"]
[Source "ChessBase"]
[SourceDate "2016.12.12"]
[SourceVersion "1"]
[SourceVersionDate "2016.12.12"]
[SourceQuality "1"]
[WhiteTeam "Lithuania Alytaus SRC"]
[BlackTeam "Lithuania VDU II"]
[WhiteTeamCountry "LTU"]
[BlackTeamCountry "LTU"]

1. d4 e6 2. c4 Nf6 3. Nc3 d5 4. Nf3 Nbd7 5. Bg5 Be7 6. e3 c6 7. Bd3 dxc4 8. Bxc4 Nd5 9. Nxd5 exd5 10. Bxe7 Qxe7 11. Bd3 0-0 12. 0-0 Re8 13. Re1 Qf6 14. e4 dxe4 15. Bxe4 g6 16. Bd3 Rxe1+ 17. Qxe1 Kf8 18. Qd2 Nb6 19. Re1 Be6 20. Qh6+ Qg7 21. Qxg7+ Kxg7 22. b3 Rd8 23. Be4 h6 24. h3 a6 25. Kh2 Nc8 26. Rd1 Nb6 27. Rd2 Bd5 28. Re2 Kf8 29. Kg3 Nc8 30. Ne5 Ne7 31. Nd3 Bxe4 32. Rxe4 Nf5+ 33. Kf4 Nxd4 34. Nc5 1/2-1/2

[Event "WchT Amateur"]
[Site "Kaunas"]
[Date "2016.11.20"]
[Round "1.3"]
[White "Belemmi, Marco"]
[Black "Butkus, Bronius"]
[Result "1-0"]
[WhiteElo "1939"]
[BlackElo "1611"]
[PlyCount "117"]
[EventDate "2016.11.20"]
[EventType "team-swiss"]
[EventRounds "9"]
[EventCountry "LTU"]
[SourceTitle "CBM 175 Extra"]
[Source "ChessBase"]
[SourceDate "2016.12.12"]
[SourceVersion "1"]
[SourceVersionDate "2016.12.12"]
[SourceQuality "1"]
[WhiteTeam "Italy"]
[BlackTeam "Lithuania VDU II"]
[WhiteTeamCountry "ITA"]
[BlackTeamCountry "LTU"]

1. e4 e5 2. Nf3 Nc6 3. d4 exd4 4. Nxd4 d6 5. Nc3 Nxd4 6. Qxd4 Nf6 7. Bc4 Be7 8. 0-0 0-0 9. Bg5 Be6 10. Bxe6 fxe6 11. Qc4 Qd7 12. Rad1 a6 13. e5 d5 14. exf6 gxf6 15. Bh6 Rf7 16. Qg4+ Kh8 17. Nxd5 f5 18. Qh5 Bd6 19. Ne3 Rg8 20. Nc4 Qc6 21. f3 Rf6 22. Nxd6 cxd6 23. Be3 f4 24. Bd4 e5 25. Bc3 Rfg6 26. Rd2 Qe8 27. Qf5 Rf8 28. Qe4 Qf7 29. Rxd6 Rxd6 30. Qxe5+ Rf6 31. Qxf4 Kg8 32. Bxf6 Qxf6 33. Qxf6 Rxf6 34. Rd1 Rb6 35. b3 Rc6 36. c4 b5 37. cxb5 axb5 38. Rd5 Rb6 39. Kf2 b4 40. Rd4 Kf7 41. g4 h6 42. Kg3 Kf6 43. h4 Rb5 44. Rd6+ Kg7 45. f4 Ra5 46. Rb6 Rxa2 47. Rxb4 Rd2 48. Rb7+ Kf6 49. Rb5 Kg7 50. g5 h5 51. f5 Rd3+ 52. Kg2 Rd4 53. Rb7+ Kg8 54. Kg3 Rd6 55. Kf4 Rd4+ 56. Ke5 Rxh4 57. Kf6 Rd4 58. Rb8+ Kh7 59. g6+ 1-0

[Event "Kaunas Butnorius 70 op"]
[Site "Kaunas"]
[Date "2016.08.01"]
[Round "1"]
[White "Butkus, Bronius"]
[Black "Player, Edmund C"]
[Result "0-1"]
[WhiteElo "1606"]
[BlackElo "2236"]
[PlyCount "60"]
[EventDate "2016.08.01"]
[EventType "swiss"]
[EventRounds "9"]
[EventCountry "LTU"]
[SourceTitle "CBM 173 Extra"]
[Source "ChessBase"]
[SourceDate "2016.08.29"]
[SourceVersion "1"]
[SourceVersionDate "2016.08.29"]
[SourceQuality "1"]

1. e4 e6 2. d4 d5 3. Nc3 Bb4 4. exd5 exd5 5. Nf3 Ne7 6. Be2 Nbc6 7. Bg5 Bf5 8. 0-0 a6 9. a3 Bxc3 10. bxc3 f6 11. Bh4 Na5 12. Nd2 0-0 13. Re1 Qd7 14. a4 Rae8 15. Bg3 Qc6 16. Ra3 Nc8 17. Bd3 Rxe1+ 18. Qxe1 Re8 19. Qd1 Nd6 20. Bxd6 Qxd6 21. Ra1 Qe6 22. Kf1 Bg4 23. Nf3 Qc6 24. h3 Bh5 25. g4 Bf7 26. g5 Bh5 27. Kg2 Rf8 28. Be2 Qxc3 29. Rb1 Bg6 30. Kg3 Be4 0-1

[Event "LTU-chT"]
[Site "Lithuania"]
[Date "2016.04.02"]
[Round "6.10"]
[White "Ionin, Ilja"]
[Black "Butkus, Bronius"]
[Result "0-1"]
[WhiteElo "1407"]
[BlackElo "1624"]
[PlyCount "112"]
[EventDate "2016.01.23"]
[EventType "team-swiss"]
[EventRounds "7"]
[EventCountry "LTU"]
[SourceTitle "EXT 2017"]
[Source "ChessBase"]
[SourceDate "2016.10.25"]
[SourceVersion "1"]
[SourceVersionDate "2016.10.25"]
[SourceQuality "1"]
[WhiteTeam "Klaipeda Bokstas"]
[BlackTeam "Alytus"]
[WhiteTeamCountry "LTU"]
[BlackTeamCountry "LTU"]

1. e4 e5 2. Nf3 Nc6 3. Bc4 Bc5 4. d3 Nf6 5. Nc3 d6 6. h3 h6 7. Qe2 Qe7 8. 0-0 0-0 9. Nh4 Kh8 10. Be3 Nd4 11. Bxd4 Bxd4 12. Qf3 Be6 13. Bxe6 Qxe6 14. Nf5 a6 15. a3 Kh7 16. Rab1 g6 17. Nxd4 exd4 18. Ne2 Qe5 19. c3 dxc3 20. bxc3 b6 21. Rfe1 Nh5 22. d4 Qg5 23. Nc1 Rae8 24. Qd3 Nf4 25. Qf3 Nh5 26. g3 Re7 27. Nd3 Qf6 28. Qg2 Rfe8 29. Nb4 Qe6 30. Nxa6 Ra8 31. Nb4 Rxa3 32. Nd5 Rd7 33. e5 dxe5 34. Rxe5 Qd6 35. Qf3 f6 36. Rxh5 gxh5 37. Nxf6+ Kg6 38. Nxd7 Qxd7 39. Qe4+ Qf5 40. Qc6+ Qf6 41. Rxb6 cxb6 42. Qe8+ Kg7 43. Qxh5 Qg5 44. Qe8 Rxc3 45. Qd7+ Kf8 46. Qd6+ Ke8 47. Qe6+ Qe7 48. Qg6+ Kd7 49. Qf5+ Kc7 50. d5 Rc5 51. Qd3 Qd6 52. f4 Rxd5 53. Qc3+ Kb7 54. Qg7+ Ka6 55. Qa1+ Ra5 56. Qc3 Qd1+ 0-1